<?xml version="1.0" encoding="UTF-8"?>
<record
    xmlns:xsi="http://www.w3.org/2001/XMLSchema-instance"
    xsi:schemaLocation="http://www.loc.gov/MARC21/slim http://www.loc.gov/standards/marcxml/schema/MARC21slim.xsd"
    xmlns="http://www.loc.gov/MARC21/slim">

  <leader>01123nam a22002417a 4500</leader>
  <controlfield tag="008">100616t        xxu||||| |||| 00| 0 eng d</controlfield>
  <datafield tag="082" ind1=" " ind2=" ">
    <subfield code="2">22</subfield>
    <subfield code="a">658.8</subfield>
    <subfield code="b">&#x639; &#x637; &#x64A;</subfield>
  </datafield>
  <datafield tag="100" ind1=" " ind2=" ">
    <subfield code="9">13672</subfield>
    <subfield code="a">&#x639;&#x637;&#x64A;&#x647;&#x60C; &#x637;&#x627;&#x647;&#x631; &#x645;&#x631;&#x633;&#x649; </subfield>
  </datafield>
  <datafield tag="245" ind1=" " ind2=" ">
    <subfield code="a">&#x623;&#x633;&#x627;&#x633;&#x64A;&#x627;&#x62A; &#x627;&#x644;&#x62A;&#x633;&#x648;&#x64A;&#x642; &#x627;&#x644;&#x62D;&#x62F;&#x64A;&#x62B; /</subfield>
    <subfield code="c">&#x637;&#x627;&#x647;&#x631; &#x645;&#x631;&#x633;&#x64A; &#x639;&#x637;&#x64A;&#x647;</subfield>
  </datafield>
  <datafield tag="260" ind1=" " ind2=" ">
    <subfield code="a">[&#x62F;.&#x645;] :</subfield>
    <subfield code="b">[&#x62F;.&#x646;] &#x60C; </subfield>
    <subfield code="c">2004</subfield>
  </datafield>
  <datafield tag="300" ind1=" " ind2=" ">
    <subfield code="a">497 &#x635; :</subfield>
    <subfield code="b">&#x635;&#x648;&#x631; &#x61B;</subfield>
    <subfield code="c">23 &#x633;&#x645;</subfield>
  </datafield>
  <datafield tag="500" ind1=" " ind2=" ">
    <subfield code="a">&#x625;&#x647;&#x62F;&#x627;&#x621;: &#x62F;. &#x633;&#x645;&#x627;&#x621; &#x639;&#x637;&#x64A;&#x647;</subfield>
  </datafield>
  <datafield tag="650" ind1=" " ind2=" ">
    <subfield code="9">14739</subfield>
    <subfield code="a">&#x627;&#x644;&#x62A;&#x633;&#x648;&#x64A;&#x642;</subfield>
  </datafield>
  <datafield tag="650" ind1=" " ind2=" ">
    <subfield code="9">14738</subfield>
    <subfield code="a">&#x627;&#x644;&#x625;&#x639;&#x644;&#x627;&#x646;</subfield>
  </datafield>
  <datafield tag="650" ind1=" " ind2=" ">
    <subfield code="9">14816</subfield>
    <subfield code="a">&#x627;&#x644;&#x627;&#x633;&#x62A;&#x647;&#x644;&#x627;&#x643;</subfield>
  </datafield>
  <datafield tag="650" ind1=" " ind2=" ">
    <subfield code="9">14820</subfield>
    <subfield code="a">&#x627;&#x644;&#x627;&#x633;&#x62A;&#x631;&#x627;&#x62A;&#x64A;&#x62C;&#x64A;&#x629; &#x627;&#x644;&#x62A;&#x646;&#x627;&#x641;&#x633;&#x64A;&#x629;</subfield>
  </datafield>
  <datafield tag="650" ind1=" " ind2=" ">
    <subfield code="9">14817</subfield>
    <subfield code="a">&#x627;&#x644;&#x623;&#x633;&#x639;&#x627;&#x631;</subfield>
  </datafield>
  <datafield tag="650" ind1=" " ind2=" ">
    <subfield code="9">14818</subfield>
    <subfield code="a">&#x627;&#x644;&#x623;&#x633;&#x648;&#x627;&#x642;</subfield>
  </datafield>
  <datafield tag="650" ind1=" " ind2=" ">
    <subfield code="9">14819</subfield>
    <subfield code="a">&#x627;&#x644;&#x645;&#x62C;&#x645;&#x639;&#x627;&#x62A; &#x627;&#x644;&#x627;&#x633;&#x62A;&#x647;&#x644;&#x627;&#x643;&#x64A;&#x629;</subfield>
  </datafield>
  <datafield tag="942" ind1=" " ind2=" ">
    <subfield code="2">ddc</subfield>
    <subfield code="c">BB</subfield>
  </datafield>
  <datafield tag="999" ind1=" " ind2=" ">
    <subfield code="c">14099</subfield>
    <subfield code="d">14099</subfield>
  </datafield>
  <datafield tag="952" ind1=" " ind2=" ">
    <subfield code="0">0</subfield>
    <subfield code="1">0</subfield>
    <subfield code="2">ddc</subfield>
    <subfield code="4">0</subfield>
    <subfield code="7">0</subfield>
    <subfield code="8"> </subfield>
    <subfield code="a">MAIN</subfield>
    <subfield code="b">MAIN</subfield>
    <subfield code="c">1ST</subfield>
    <subfield code="d">2010-06-16</subfield>
    <subfield code="e">Donation</subfield>
    <subfield code="l">0</subfield>
    <subfield code="o">658.8 &#x639;&#x637;&#x64A;</subfield>
    <subfield code="p">000020403</subfield>
    <subfield code="r">2025-07-15 00:00:00</subfield>
    <subfield code="y">BB</subfield>
  </datafield>
</record>
